000
00293nam a22001337a 4500
008
190129b xxu||||| |||| 00| 0 eng d
020
_a
9783836541022
041
_a
eng
080
_a
701
100
_a
45
101
_a
ART
245
_a
20th Century Photography
_c
Ludwig,M
942
_2
udc
_c
BK
999
_c
53854
_d
53854